000 00561nam a22001697a 4500
005 20251108164829.0
008 250721s9999 xx 000 0 ara d
082 1 4 _a371.27/نعي
100 1 _aعطيه، نعيم
245 1 0 _aالتقييم التربوي الهادف :
_bأصوله و طرائقه /
264 1 _aالقاهرة :
_bدار الكتاب المصري،
_c[19-].
300 _a438ص
650 1 7 _aالإختبارات و القياسات التربوية
650 1 7 _aالتقييم التربوي
942 _2ddc
_cBK
999 _c15369
_d15369